| 000 | 00489nam a22001697a 4500 | ||
|---|---|---|---|
| 005 | 20260302122038.0 | ||
| 010 | _aBACCHEN26 | ||
| 020 |
_a9789348156495 _c275.00 |
||
| 037 | _bPangram Publishers | ||
| 082 | _aS | ||
| 100 |
_aFrank, Anna _988001 |
||
| 245 |
_aThe Dairy of a Young Girl/ _bAnna frank |
||
| 260 |
_aDelhi _bPangram Publishers _c2025 |
||
| 270 |
_aA 208, 2nd Floor, North Ex Mall, Sector-9, Rohini _bDelhi _e110085 |
||
| 300 |
_a236.p _c22cm(pb) |
||
| 942 |
_2ddc _cCH _mFRA _hS |
||
| 999 |
_c215164 _d215164 |
||